Marketing Identity 2017: Online rules - part II. conference proceedings from International Scientific Conference "Marketing Identity 2017:online rules", 7-8 November 2017, Smolenice, Slovak Republic
Gespeichert in:
| Körperschaft: | |
|---|---|
| Format: | Tagungsbericht Buch |
| Sprache: | Englisch |
| Veröffentlicht: |
Trnava :
Faculty of Mass Communication, University of Ss.Cyril and Methodius,
2017
|
| Ausgabe: | 1 vyd. |
| Tags: |
Keine Tags, Fügen Sie das erste Tag hinzu!
|
MARC
| LEADER | 00000nam a22000003a 4500 | ||
|---|---|---|---|
| 001 | 0032002 | ||
| 003 | SK-STU | ||
| 005 | 20180418134236.3 | ||
| 007 | ta | ||
| 008 | 180327s ----xo-----e------100-0-----d | ||
| 020 | |a 978-80-8105-918-6 | ||
| 022 | |a 1339-5726 | ||
| 040 | |a STU |b slo | ||
| 041 | 0 | |a eng | |
| 044 | |a xo | ||
| 111 | 2 | |a Marketing Identity 2017 |d 07. - 08. 11. 2017 : |c Smolenice, SR | |
| 245 | 1 | 0 | |a Marketing Identity 2017: Online rules - part II. |h [elektronický zdroj] : |b conference proceedings from International Scientific Conference "Marketing Identity 2017:online rules", 7-8 November 2017, Smolenice, Slovak Republic |
| 250 | |a 1 vyd. | ||
| 260 | |a Trnava : |b Faculty of Mass Communication, University of Ss.Cyril and Methodius, |c 2017 | ||
| 300 | |a 476 s. | ||
| 996 | |b 284M087724 |c M* Z-4415 |l MMKN |s A |a 24 |w 0032002_0001 | ||